El día que apagaron la luz /

Kaydedildi:
Detaylı Bibliyografya
Yazar: Fabbri, Camila (autor)
Materyal Türü: Kitap
Dil:İspanyolca
Baskı/Yayın Bilgisi: México : Almadía, 2021, c2021
Seri Bilgileri:(Narrativa Almadía)
Konular:
Etiketler: Etiketle
Etiket eklenmemiş, İlk siz ekleyin!

MARC

LEADER 00000nam^a2200000^a^4500
001 000626999
005 20260122000000.0
009 20260310134045.206
020 |a 978-607-8764-51-8 
037 |a Acervo ITESO - Biblioteca 
041 |a ESP 
082 |a 863.  |b FAB 
100 |a Fabbri, Camila  |e (autor) 
245 1 3 |a El día que apagaron la luz /  |c C. Fabbri. 
264 4 |a México :  |b Almadía,  |c 2021, c2021 
300 |a 143 p. 
336 |a texto  |b txt  |2 rdacontenido 
337 |a sin mediación  |b n  |2 rdamedio 
338 |a volumen  |b nc  |2 rdasoporte 
440 1 |a (Narrativa Almadía) 
521 |a FIL 2025 DIA 
649 |a XX 
650 |a Jóvenes en la Literatura 
650 |a Jóvenes -  |z Argentina -  |x Condiciones Sociales y Culturales 
650 |a Novela Argentina 
650 |a Literatura Argentina -  |y Siglo XXI 
650 |a Literatura de Mujeres -  |z Argentina 
650 |a Rock -  |z Argentina -  |x Historia y Crítica -  |x Tema Principal 
650 |a Música Popular Argentina -  |x Historia y Crítica 
650 |a Música Argentina -  |x Historia y Crítica 
910 |a Fondo General 
920 |a Impresos - Libros 
930 |a Colección General 
940 |a Literatura 
905 |a 101 
901 |a 626999-10  |b IT1  |c LIT  |i C192072  |u 20260122 
902 |a https://opac.biblio.iteso.mx/vufind/Record/000626999